000 00722nam a2200229Ia 4500
003 OSt
005 20220923224151.0
006 a|||||r|||| 00| 0
007 ta
008 Pun
024 _a226,914
037 _cTextual
040 _aARTS
_cARTS
_bPun
041 _2Pun
_aPun
082 _aV2:51.M77w, 153P1
100 _aਘੁੰਮਣ, ਬਿਕਰਮ ਸਿੰਘ
_9156274
245 0 _aਸੰਤ ਬਾਬਾ ਵਿਸਾਖਾ ਸਿੰਘ
260 _aਅੰਮ੍ਰਿਤਸਰ
_b ਵਾਰਿਸ Fਾਹ ਖ਼ਾਉਜ਼ਡੇFਨ
_c2001
300 _a208ਪੰ
_ccm.
942 _hV2:51.M77w, 153P1
_cTEXL
_2CC
999 _c369677
_d369677